[Event "BEL-ch op"]
[Site "Niel"]
[Date "2017.07.02"]
[Round "2"]
[White "Palazoski, Elvir"]
[Black "Viaene, Jan"]
[Result "0-1"]
[WhiteElo "1551"]
[BlackElo "1751"]
[PlyCount "44"]
[EventDate "2017.07.01"]
[EventType "swiss"]
[EventRounds "9"]
[EventCountry "BEL"]
[SourceTitle "EXT 2018"]
[Source "ChessBase"]
[SourceDate "2017.10.13"]
[SourceVersion "1"]
[SourceVersionDate "2017.10.13"]
[SourceQuality "1"]

1. e4 c5 2. Nf3 d6 3. d4 cxd4 4. Nxd4 Nf6 5. Nc3 Nc6 6. Be3 Ng4 7. Nf5 Nxe3 8. Nxe3 g6 9. Qd2 Bg7 10. h4 h5 11. Be2 Bd7 12. f3 Rc8 13. g4 Qb6 14. Ned5 Qd4 15. g5 a6 16. Qxd4 Nxd4 17. Ne3 0-0 18. 0-0-0 Rxc3 19. Bd3 Rc6 20. Nd5 Re8 21. f4 Be6 22. Nc3 Rec8 0-1